000 00295nam a2200097Ia 4500
001 647593
005 20250826153705.0
008 250824s9999 xx 000 0 und d
245 0 _aBABALAR VE OĞULLAR ANTİK OKUL KLASİKLERİ
_cİVAN SERGEYEVİÇ TURGENYEV
260 _bANTİK DÜNYA KLASİKLERİ
999 _c647593
_d647593